Jennifers by Picture - Statistics

General Stats
  • This quiz has been taken 44 times
  • The average score is 7 of 12
Answer Stats
Picture Answer % Correct
Jennifer Lopez
100%
Jennifer Aniston
95%
Jennier Lawrence
88%
Jennifer Garner
75%
Jennifer Love Hewitt
63%
Jennifer Hudson
50%
Jennifer Connelly
45%
Jennifer Coolidge
43%
Jennifer Grey
43%
Jennifer Tilly
28%
Jennifer Jason Leigh
23%
Jennifer Morrison
8%
No matching quizzes found
Score Distribution
Percent of People with Each Score
Percentile by Number Answered
Your Score History
You have not taken this quiz